UBT Library

An introduction to clay colloid chemistry, (Record no. 40151)

000 -LEADER
fixed length control field 00711cam a22002531 4500
001 - CONTROL NUMBER
control field 7041116
005 - DATE AND TIME OF LATEST TRANSACTION
control field 20180111092831.0
008 - FIXED-LENGTH DATA ELEMENTS--GENERAL INFORMATION
fixed length control field 730214s1963 xx 000 0 eng
010 ## - LIBRARY OF CONGRESS CONTROL NUMBER
LC control number 63018564
015 ## - NATIONAL BIBLIOGRAPHY NUMBER
National bibliography number GB64-380
035 ## - SYSTEM CONTROL NUMBER
System control number (OCoLC)558825
040 ## - CATALOGING SOURCE
Original cataloging agency DLC
Transcribing agency OWibfU
Modifying agency OCoLC
-- OTU
-- OCoLC
-- Uk
-- DLC
041 ## - LANGUAGE CODE
Language code of text/sound track or separate title eng
042 ## - AUTHENTICATION CODE
Authentication code premarc
080 ## - UNIVERSAL DECIMAL CLASSIFICATION NUMBER
Universal Decimal Classification number 541.345
082 ## - DEWEY DECIMAL CLASSIFICATION NUMBER
Classification number 541.345 OLP
100 1# - Rafti
Rafti 12
101 ## - Shkurtesa
Shkurtesa KIM
245 13 - TITLE STATEMENT
Title An introduction to clay colloid chemistry,
504 ## - BIBLIOGRAPHY, ETC. NOTE
Bibliography, etc Includes bibliographies.
740 0# - ADDED ENTRY--UNCONTROLLED RELATED/ANALYTICAL TITLE
Uncontrolled related/analytical title Clay colloid chemistry.
906 ## - LOCAL DATA ELEMENT F, LDF (RLIN)
a 7
b cbc
c oclcrpl
d u
e ncip
f 19
g y-gencatlg
942 ## - ADDED ENTRY ELEMENTS (KOHA)
Source of classification or shelving scheme
Item type Books
Holdings
Withdrawn status Lost status Source of classification or shelving scheme Damaged status Not for loan Collection code Permanent location Current location Shelving location Date acquired Total Checkouts Full call number Barcode Date last seen Price effective from Koha item type
          Koleksioni i përgjithshem UBT - Lipjan UBT - Lipjan Koleksioni i përgjithshem 01/11/2018   541.345 OLP 002-2995299 01/11/2018 01/11/2018 Books
UBT Library © 2015-2024. All rights reserved University Education for Business and Technology